| 000 | 00403nam a2200157Ia 4500 | ||
|---|---|---|---|
| 008 | 230917s9999||||xx |||||||||||||| ||und|| | ||
| 020 | _cRS25 | ||
| 040 |
_e20009 _aMAIN |
||
| 041 | _aEnglish | ||
| 082 | _a301.52 E733F | ||
| 100 | _aFonseca, A J | ||
| 245 | 0 | _aFood aid for relief and development: An evaluation | |
| 260 |
_aN.Delhi _bIndian Social Institute _c1983 |
||
| 300 | _a136 p. | ||
| 942 | _cBK | ||
| 999 |
_c43728 _d43728 |
||